00466 2200181 4500001002100000005001500021008004100036020002200077035001900099041000700118082000800125090001400133100002600147245002400173260004300197300003000240650001400270INLIS00000000001625320241224115105241224||||||||| | ||| |||| || |  a978-979-678-386-1 0010-1224016253 aid0 a520 a520 MUH c0 aMuhammad Ramadhan Adi00aCakrawala Astronomi aBandungbSarana Panca Karya Nusac2016 a30x21 cm, 64 hlm.; ilus.: 0aASTRONOMI